000 00576nam a2200193 i 4500
001 27325
003 ES-MaACL
005 20240605063000.0
007 t|
008 030114s1958 sp ||||1| spa d
100 1 _aAranguren, José Luis L.,
_d1909-1996
_922315
245 1 3 _aLa ética de Ortega /
_cJosé Luis L. Aranguren.
260 _a[Madrid :
_bTaurus,
_c1958] (
_fPotenciano)
300 _a62 p. ;
_c19 cm.
490 1 _aCuadernos Taurus
830 0 _aCuadernos Taurus
_9180748
852 _aES-MaACL
_j2013-F-3
_bR.42521
999 _c27325
_d27325